| 000 | 00770ngm a2200205 a 4500 | ||
|---|---|---|---|
| 005 | 20240426162217.0 | ||
| 008 | 991125s1980 mx 025 aaspa u | ||
| 035 | _aUPN01000005892 | ||
| 049 | _aAV | ||
| 050 | 4 | _aPVI C 0618 | |
| 245 | 0 | 0 | _aBlas Galindo. |
| 260 |
_aMéxico : _bCNCA : _bSEP, Televisión Educativa. _c[198-]. |
||
| 300 | _a1 videocasete (VHS) (25 min.) | ||
| 440 | 4 |
_aLos nuestros ; _v11 |
|
| 520 | _aBlas Galindo, compositor y director de orquesta que obtuvo el Premio Nacional de Artes en 1964 y fue miembro fundadorde la Academia de Artes de México | ||
| 520 | _aRealización: Alberto Bojórquez | ||
| 520 | _aCon: Héctor Azar -- Pedro Ramírez Vázquez -- Carlos Mérida | ||
| 600 | 1 | 2 |
_aGalindo, Blas, _d1910-1993 _922958 |
| 905 | _aAudiovisuales | ||
| 999 |
_c5892 _d5892 |
||